[Event "Rio Grande op 19th"]
[Site "Rio Grande"]
[Date "2019.07.05"]
[Round "1"]
[White "Arias, Juan Carlos"]
[Black "Revollo, Jhonatan"]
[Result "1-0"]
[WhiteElo "2128"]
[BlackElo "1218"]
[PlyCount "51"]
[EventDate "2019.07.05"]
[EventType "swiss"]
[EventRounds "7"]
[EventCountry "ARG"]
[SourceTitle "EXT 2020"]
[Source "ChessBase"]
[SourceDate "2019.10.17"]
[SourceVersion "1"]
[SourceVersionDate "2019.10.17"]
[SourceQuality "1"]

1. e4 c5 2. d4 cxd4 3. c3 dxc3 4. Nxc3 e5 5. Nf3 d6 6. Bc4 Be7 7. Qb3 Kf8 8. Bxf7 Nc6 9. Bd5 Bg4 10. Qxb7 Bxf3 11. gxf3 Nd4 12. Qxa8 Qxa8 13. Bxa8 Nc2+ 14. Kd1 Nxa1 15. b3 Nf6 16. Bb2 Nh5 17. Bxa1 Nf4 18. Bd5 Nh3 19. Rf1 Bh4 20. Ke1 Ke7 21. Bc4 Rf8 22. Nd5+ Kd8 23. f4 exf4 24. Bxg7 Re8 25. Bf6+ Bxf6 26. Nxf6 1-0